000 00646nam a2200121Ia 4500
008 220620s9999||||xx |||||||||||||| ||und||
100 _aIto, Takatoshi||Chul Park, Yung
245 0 _aDeveloping Asian Bondmarkets
546 _aEnglish[eng]
650 _aeconomy||asia||bondmarkets||Bond credit rating||Currency||East Asia||Municipal bond||Race and ethnicity in the United States Census||Securitization||Singapore
856 _uhttps://library.oapen.org/bitstream/20.500.12657/33479/1/469190.pdf||https://library.oapen.org/bitstream/20.500.12657/33479/1/469190.pdf||https://library.oapen.org/bitstream/20.500.12657/33479/1/469190.pdf
942 _cEB
999 _c27672
_d27672